MARC

LEADER 00000nam0a2200000 4500
001 298861
005 20231102001139.0
020 |a RU  |b 82-10764 
035 |a (RuTPU)RU\TPU\book\324011 
090 |a 298861 
100 |a 20150623d1982 km y0rusy5003 ca 
101 0 |a rus 
102 |a RU 
105 |a y z 001zy 
200 1 |a Мастерство устного выступления  |f Е. А. Ножин 
205 |a 2-е изд., доп. 
210 |a Москва  |c Политиздат  |d 1982 
215 |a 256 с. 
320 |a Библиография в ссылках. 
606 1 |a Ораторское искусство  |2 stltpush  |3 (RuTPU)RU\TPU\subj\47280  |9 66335 
606 1 |a Политическое просвещение  |2 stltpush  |3 (RuTPU)RU\TPU\subj\50491  |9 69164 
610 1 |a устное выступление 
610 1 |a пропаганда 
610 1 |a психологические основы 
610 1 |a логика 
610 1 |a доказательство 
610 1 |a культура речи 
610 1 |a аудитория 
610 1 |a взаимодействие 
686 |a Ч711.211  |2 rubbk 
686 |a Ф61(2)511  |2 rubbk 
700 1 |a Ножин  |b Е. А.  |g Евгений Александрович  |4 070 
801 0 |a RU  |b RuMRKP  |c 19950704  |g psbo 
801 1 |a RU  |b 63413507  |c 20150623 
801 2 |a RU  |b 63413507  |c 20190204  |g RCR 
942 |c BK